Colleges with Weird Mascots - Statistics

General Stats
  • This quiz has been taken 121 times
  • The average score is 11 of 15
Answer Stats
Hint Answer % Correct
Crimson Tide Alabama
97%
Buckeyes Ohio State
95%
Orange Syracuse
94%
Golden Gophers Minnesota
90%
Hokies Virginia Tech
83%
Zips Akron
82%
Cardinal Stanford
79%
Shockers Wichita State
75%
Mean Green North Texas
73%
Golden Hurricanes Tulsa
73%
Vandals Idaho
69%
Chanticlers Coastal Carolina
58%
Bilikens St Louis
58%
Fighting Camels Campbell
47%
Penguins Youngstown State
44%
No matching quizzes found
Score Distribution
Percent of People with Each Score
Percentile by Number Answered
Your Score History
You have not taken this quiz